Los autonautas de la cosmopista, o, Un viaje atemporal París-Marsella / (Record no. 34441)
[ view plain ]
| 000 -CABECERA | |
|---|---|
| campo de control de longitud fija | 01047nam a2200265 a 4500 |
| 001 - NÚMERO DE CONTROL | |
| campo de control | 000034950 |
| 005 - FECHA Y HORA DE LA ÚLTIMA TRANSACCIÓN | |
| campo de control | 20200930074015.0 |
| 008 - DATOS DE LONGITUD FIJA--INFORMACIÓN GENERAL | |
| campo de control de longitud fija | 111021s1984 sp ac 000 0 spa d |
| 020 ## - NÚMERO INTERNACIONAL ESTÁNDAR DEL LIBRO | |
| Número Internacional Estándar del Libro | 848550156x |
| 040 ## - FUENTE DE LA CATALOGACIÓN | |
| Centro catalogador/agencia de origen | DO-SdBNP |
| Lengua de catalogación | spa |
| Centro/agencia transcriptor | BNPHU |
| 082 ## - NÚMERO DE LA CLASIFICACIÓN DECIMAL DEWEY | |
| Número de clasificación | 914.404 |
| Número de documento/Ítem | D884a, 1984 |
| 100 1# - ENTRADA PRINCIPAL--NOMBRE DE PERSONA | |
| Nombre de persona | Dunlop, Carol, |
| Fechas asociadas al nombre | 1946-1982 |
| 9 (RLIN) | 60536 |
| 245 14 - MENCIÓN DE TÍTULO | |
| Título | Los autonautas de la cosmopista, o, Un viaje atemporal París-Marsella / |
| Mención de responsabilidad, etc. | Carol Dunlop, Julio Cortázar ; dibujos Stéphane Hébert. |
| 246 13 - FORMA VARIANTE DE TÍTULO | |
| Título propio/Titulo breve | Un viaje atemporal París-Marsella |
| 250 ## - MENCIÓN DE EDICIÓN | |
| Mención de edición | 2a ed. |
| 260 ## - PUBLICACIÓN, DISTRIBUCIÓN, ETC. | |
| Lugar de publicación, distribución, etc. | Barcelona : |
| Nombre del editor, distribuidor, etc. | Muchnik Editores, |
| Fecha de publicación, distribución, etc. | 1984. |
| 300 ## - DESCRIPCIÓN FÍSICA | |
| Extensión | 307 p. |
| -- | il., retrs. ; |
| Dimensiones | 21 cm. |
| 590 ## - NOTA LOCAL (RLIN) | |
| Nota local | Perteneció a la biblioteca personal de Juan Isidro Jimenes Grullón. |
| 600 14 - PUNTO DE ACCESO ADICIONAL DE MATERIA--NOMBRE DE PERSONA | |
| Nombre de persona | DUNLOP, CAROL, |
| Fechas asociadas al nombre | 1946-1982 |
| Subdivisión general | RELATOS PERSONALES |
| 9 (RLIN) | 60537 |
| 600 14 - PUNTO DE ACCESO ADICIONAL DE MATERIA--NOMBRE DE PERSONA | |
| Nombre de persona | CORTÁZAR, JULIO, |
| Fechas asociadas al nombre | 1914-1984 |
| Subdivisión general | RELATOS PERSONALES |
| 9 (RLIN) | 60538 |
| 651 #4 - PUNTO DE ACCESO ADICIONAL DE MATERIA--NOMBRE GEOGRÁFICO | |
| Nombre geográfico | Francia |
| Subdivisión general | Descripciones Y Viajes |
| 9 (RLIN) | 60539 |
| 700 12 - PUNTO DE ACCESO ADICIONAL--NOMBRE DE PERSONA | |
| Nombre de persona | Cortázar, Julio |
| 9 (RLIN) | 22782 |
| 700 12 - PUNTO DE ACCESO ADICIONAL--NOMBRE DE PERSONA | |
| Nombre de persona | Hébert, Stéphane |
| 9 (RLIN) | 60540 |
| 910 ## - DATOS DE OPCIÓN DEL USUARIO (OCLC) | |
| Datos de opción del usuario | Validado. Control de calidad BNPHU |
| Estado de retiro | Estado de pérdida | Restricciones de uso | No para préstamo | Código de colección | Localización permanente | Ubicación/localización actual | Ubicación en estantería | Fecha de adquisición | Número de inventario | Total de préstamos | Signatura topográfica completa | Código de barras | Fecha visto por última vez | Precio válido a partir de | Tipo de ítem Koha | Nota pública |
|---|---|---|---|---|---|---|---|---|---|---|---|---|---|---|---|---|
| Excluido de préstamo | Monografías: Libros y Folletos | General | General | Depósito | 21.10.2011 | LF1 | 914.404 D884a, 1984 | 34950-10 | 25.06.2020 | 25.06.2020 | No se presta | Perteneció a la biblioteca personal de Juan Isidro Jimenes Grullón |
